El plan infinito

保存先:
書誌詳細
第一著者: Allende, Isabel, 1942- (autora)
フォーマット: 図書
言語:スペイン語
出版事項: Santiago COPESA S. A 2003
版:1a. ed
主題:
タグ: タグ追加
タグなし, このレコードへの初めてのタグを付けませんか!

MARC

LEADER 00000cam a2200000 a 4500
001 UCE2664
003 CL-VaPUC
008 140717e20031200cl |||||||||||||||||spa|d
082 0 4 |a Ch863  |b ALL  |2 21 
100 |a Allende, Isabel,  |d 1942-  |e autora  |9 318389 
245 1 3 |a El plan infinito 
250 |a 1a. ed 
300 |a 379 p 
942 |c BK 
945 |d 20140717 11:12:00  |a dcastane 
260 |a Santiago  |b COPESA S. A  |c 2003 
650 0 |a Novelas chilenas   |9 265425 
650 0 |a Literatura chilena   |9 308278 
583 |a last modification  |c 20140717 11:12:00  |k Rodrigo Vera 
999 |c 356239  |d 356237